Sztuka z Różnych okresów Starożytnego Egiptu - Statystyki

Ogólne statystyki
  • Ten quiz został rozwiązany 10 razy
    9 od ostatniego zresetowania
  • Średni wynik to 24 z 35
Statystyki odpowiedzi
Zagadnienie Odpowiedź % Poprawnych
1.Okres Predynastyczny 5500-3000r.p.n.e
100%
1.Okres Predynastyczny 5500-3000r.p.n.e
100%
3.Stare Państwo 27W-22W.p.n.e
100%
3.Stare Państwo 27W-22W.p.n.e
100%
3.Stare Państwo 27W-22W.p.n.e
100%
3.Stare Państwo 27W-22W.p.n.e
100%
3.Stare Państwo 27W-22W.p.n.e
100%
3.Stare Państwo 27W-22W.p.n.e
100%
7.Nowe Państwo 16W-11Wp.n.e
100%
7.Nowe Państwo 16W-11Wp.n.e
100%
7.Nowe Państwo 16W-11Wp.n.e
100%
7.Nowe Państwo 16W-11Wp.n.e
100%
7.Nowe Państwo 16W-11Wp.n.e
100%
7.Nowe Państwo 16W-11Wp.n.e
100%
7.Nowe Państwo 16W-11Wp.n.e
100%
7.Nowe Państwo 16W-11Wp.n.e
100%
1.Okres Predynastyczny 5500-3000r.p.n.e
50%
2.Okres Wczesnodynastyczny 3000-2700p.n.e
50%
3.Stare Państwo 27W-22W.p.n.e
50%
3.Stare Państwo 27W-22W.p.n.e
50%
3.Stare Państwo 27W-22W.p.n.e
50%
7.Nowe Państwo 16W-11Wp.n.e
50%
7.Nowe Państwo 16W-11Wp.n.e
50%
7.Nowe Państwo 16W-11Wp.n.e
50%
7.Nowe Państwo 16W-11Wp.n.e
50%
7.Nowe Państwo 16W-11Wp.n.e
50%
7.Nowe Państwo 16W-11Wp.n.e
50%
7.Nowe Państwo 16W-11Wp.n.e
50%
8.III okres przejściowy 11W-7Wp.n.e
50%
9.Okres Ptolemejski/Grecki 4W-30r.p.n.e
50%
9.Okres Ptolemejski/Grecki 4W-30r.p.n.e
50%
9.Okres Ptolemejski/Grecki 4W-30r.p.n.e
50%
3.Stare Państwo 27W-22W.p.n.e
0%
3.Stare Państwo 27W-22W.p.n.e
0%
7.Nowe Państwo 16W-11Wp.n.e
0%
Nie znaleziono quizów pasujących do podanych kryteriów
Rozkład punktacji
Procent ludzi z każdym wynikiem
Percentyl według liczby udzielonych odpowiedzi
Twoja historia wyników
Nie rozwiązałeś tego quizu od ostatniego zresetowania